000
00254nam a2200097Ia 4500
001
1214415
005
20250827024532.0
008
250824s9999 xx 000 0 und d
245
0
_a
PUSLU KİTAPLAR ATLASI
_c
İHSAN OKTAY ANAR
260
_b
İLETİŞİM ROMAN
999
_c
1214415
_d
1214415